[Event "DEM U10w 2024"]
[Site "Willingen GER"]
[Date "2024.05.24"]
[Round "9"]
[White "Pygoch, Lene"]
[Black "Böhm, Arwen Skadi"]
[Result "0-1"]
[Termination "normal"]
[Board "18"]
[WhiteElo "917"]
[BlackElo "968"]
[WhiteClock "01:16:02"]
[BlackClock "01:12:54"]
[PlyCount "98"]
[WhiteFideId "533016496"]
[EventCountry "GER"]
[EventRounds "11"]
[EventType "swiss"]
[EventDate "2024.05.18"]

1. e4 {[%clk 01:15:59]} {[%emt 00:00:01]} e5 {[%emt 00:00:07]} 2. Nf3 {[%clk
01:16:17]} {[%emt 00:00:08]} Nc6 {[%clk 01:16:21]} {[%emt 00:00:06]} 3. Nc3
{[%clk 01:16:33]} {[%emt 00:00:13]} Nf6 {[%clk 01:16:45]} {[%emt 00:00:06]} 4.
Bc4 {[%clk 01:16:51]} {[%emt 00:00:12]} Bc5 {[%clk 01:17:06]} {[%emt 00:00:08]}
5. d3 {[%clk 01:16:31]} {[%emt 00:00:51]} d6 {[%clk 01:17:05]} {[%emt
00:00:31]} 6. Bg5 {[%emt 00:00:35]} Bg4 {[%clk 01:17:17]} {[%emt 00:00:06]} 7.
O-O {[%clk 01:15:39]} {[%emt 00:01:29]} O-O {[%clk 01:16:01]} {[%emt 00:01:46]}
8. Nd5 {[%clk 01:15:21]} {[%emt 00:00:48]} Nd4 {[%clk 01:15:45]} {[%emt
00:00:47]} 9. Nxf6+ {[%clk 01:15:16]} {[%emt 00:00:34]} gxf6 {[%clk 01:16:05]}
{[%emt 00:00:09]} 10. Bh6 {[%clk 01:15:35]} {[%emt 00:00:11]} Re8 {[%clk
01:16:28]} {[%emt 00:00:06]} 11. Bb5 {[%clk 01:15:10]} {[%emt 00:00:57]} Nxb5
{[%clk 01:16:43]} {[%emt 00:00:14]} 12. c3 {[%clk 01:15:15]} {[%emt 00:00:26]}
c6 {[%clk 01:15:59]} {[%emt 00:01:12]} 13. a4 {[%clk 01:15:38]} {[%emt
00:00:09]} Bxf3 {[%clk 01:16:03]} {[%emt 00:00:26]} 14. Qxf3 {[%clk 01:15:54]}
{[%emt 00:00:13]} Kh8 {[%clk 01:15:04]} {[%emt 00:01:30]} 15. axb5 {[%clk
01:16:10]} {[%emt 00:00:15]} cxb5 {[%clk 01:15:22]} {[%emt 00:00:12]} 16. b4
{[%clk 01:16:07]} {[%emt 00:00:32]} Bb6 {[%clk 01:15:35]} {[%emt 00:00:18]} 17.
Qg3 {[%clk 01:16:06]} {[%emt 00:00:30]} Rg8 {[%emt 00:00:44]} 18. Qh4 {[%clk
01:16:01]} {[%emt 00:00:02]} f5 {[%clk 01:15:07]} {[%emt 00:01:18]} 19. Qxd8
{[%emt 00:00:19]} Raxd8 {[%clk 01:14:57]} {[%emt 00:00:35]} 20. exf5 {[%clk
01:16:30]} {[%emt 00:00:15]} d5 {[%clk 01:14:05]} {[%emt 00:01:23]} 21. Rfe1
{[%clk 01:16:15]} {[%emt 00:00:45]} Rd6 {[%clk 01:13:37]} {[%emt 00:00:51]} 22.
Bg5 {[%clk 01:16:21]} {[%emt 00:00:31]} Rxg5 {[%clk 01:13:48]} {[%emt
00:00:19]} 23. Rxe5 {[%emt 00:00:28]} Rd8 {[%clk 01:12:20]} {[%emt 00:01:53]}
24. Rae1 {[%clk 01:15:23]} {[%emt 00:01:34]} Rgg8 {[%clk 01:11:54]} {[%emt
00:00:53]} 25. f6 {[%clk 01:14:59]} {[%emt 00:00:58]} a5 {[%clk 01:11:50]}
{[%emt 00:00:35]} 26. Re7 {[%clk 01:14:34]} {[%emt 00:00:54]} Rgf8 {[%clk
01:11:38]} {[%emt 00:00:42]} 27. Rxb7 {[%clk 01:14:39]} {[%emt 00:00:26]} Rd6
{[%clk 01:11:08]} {[%emt 00:00:59]} 28. bxa5 {[%clk 01:14:52]} {[%emt
00:00:17]} Bxa5 {[%clk 01:11:27]} {[%emt 00:00:09]} 29. Rxb5 {[%clk 01:15:05]}
{[%emt 00:00:19]} Bxc3 {[%clk 01:11:48]} {[%emt 00:00:09]} 30. Rc1 {[%clk
01:15:18]} {[%emt 00:00:17]} Bxf6 {[%clk 01:10:53]} {[%emt 00:01:25]} 31. Rd1
{[%clk 01:12:16]} {[%emt 00:03:32]} Re8 {[%clk 01:10:29]} {[%emt 00:00:51]} 32.
h3 {[%clk 01:12:32]} {[%emt 00:00:16]} Bd8 {[%clk 01:10:06]} {[%emt 00:00:53]}
33. Rb8 {[%clk 01:11:46]} {[%emt 00:01:17]} Rde6 {[%clk 01:09:49]} {[%emt
00:00:42]} 34. Rc1 {[%clk 01:11:43]} {[%emt 00:00:38]} Re1+ {[%clk 01:10:05]}
{[%emt 00:00:14]} 35. Rxe1 {[%clk 01:12:04]} {[%emt 00:00:08]} Rxe1+ {[%clk
01:10:24]} {[%emt 00:00:11]} 36. Kh2 {[%clk 01:12:20]} {[%emt 00:00:14]} Re8
{[%clk 01:10:17]} {[%emt 00:00:38]} 37. Kg3 {[%clk 01:12:34]} {[%emt 00:00:15]}
Bc7+ {[%clk 01:10:37]} {[%emt 00:00:10]} 38. Kg4 {[%emt 00:00:27]} Bxb8 {[%emt
00:00:11]} 39. f4 {[%clk 01:12:11]} {[%emt 00:00:16]} Rg8+ {[%clk 01:10:46]}
{[%emt 00:00:20]} 40. Kf5 {[%clk 01:12:26]} {[%emt 00:00:15]} Rxg2 {[%clk
01:10:40]} {[%emt 00:00:37]} 41. d4 {[%clk 01:12:40]} {[%emt 00:00:16]} Rd2
{[%clk 01:10:47]} {[%emt 00:00:24]} 42. h4 {[%clk 01:12:53]} {[%emt 00:00:15]}
Rxd4 {[%clk 01:11:05]} {[%emt 00:00:12]} 43. Kg4 {[%clk 01:12:50]} {[%emt
00:00:32]} Rxf4+ {[%clk 01:11:27]} {[%emt 00:00:10]} 44. Kh3 {[%clk 01:13:08]}
{[%emt 00:00:12]} d4 {[%clk 01:11:42]} {[%emt 00:00:16]} 45. Kh2 {[%clk
01:13:24]} {[%emt 00:00:13]} d3 {[%clk 01:12:07]} {[%emt 00:00:05]} 46. Kh3
{[%clk 01:13:48]} {[%emt 00:00:05]} d2 {[%clk 01:12:24]} {[%emt 00:00:14]} 47.
Kh2 {[%clk 01:15:52]} {[%emt 00:01:04]} d1=Q {[%clk 01:12:41]} {[%emt
00:00:49]} 48. Kg2 {[%clk 01:15:54]} {[%emt 00:00:29]} Qf1+ {[%clk 01:12:54]}
{[%emt 00:00:17]} 49. Kh2 {[%clk 01:16:02]} {[%emt 00:00:22]} Rxh4# {[%emt
00:00:38]} 0-1

[Event "DEM U10w 2024"]
[Site "Willingen GER"]
[Date "2024.05.24"]
[Round "9"]
[White "Malan, Benita Helena"]
[Black "Rhein, Linnea"]
[Result "0-1"]
[Termination "normal"]
[Board "19"]
[WhiteElo "738"]
[BlackElo "1133"]
[WhiteClock "00:39:45"]
[BlackClock "00:50:12"]
[PlyCount "102"]
[BlackFideId "34649018"]
[EventCountry "GER"]
[EventRounds "11"]
[EventType "swiss"]
[EventDate "2024.05.18"]

1. e4 {[%clk 01:15:57]} {[%emt 00:00:02]} e5 {[%clk 01:15:53]} {[%emt
00:00:07]} 2. Nf3 {[%clk 01:16:22]} {[%emt 00:00:06]} Nc6 {[%clk 01:16:08]}
{[%emt 00:00:15]} 3. Bc4 {[%clk 01:16:37]} {[%emt 00:00:15]} Nf6 {[%clk
01:16:00]} {[%emt 00:00:37]} 4. Nc3 {[%clk 01:16:56]} {[%emt 00:00:11]} Bc5
{[%clk 01:15:17]} {[%emt 00:01:14]} 5. d3 {[%clk 01:16:27]} {[%emt 00:00:59]}
d6 {[%clk 01:14:58]} {[%emt 00:00:49]} 6. O-O {[%clk 01:16:46]} {[%emt
00:00:11]} Bg4 {[%clk 01:14:39]} {[%emt 00:00:48]} 7. h3 {[%clk 01:17:10]}
{[%emt 00:00:06]} Be6 {[%clk 01:13:54]} {[%emt 00:01:15]} 8. Bg5 {[%clk
01:07:39]} {[%emt 00:10:00]} h6 {[%clk 01:12:01]} {[%emt 00:02:24]} 9. Bh4
{[%clk 01:05:14]} {[%emt 00:02:55]} g5 {[%clk 01:10:44]} {[%emt 00:01:47]} 10.
Bg3 {[%clk 01:05:34]} {[%emt 00:00:09]} g4 {[%emt 00:02:41]} 11. Bxe6 {[%clk
00:47:53]} {[%emt 00:16:27]} fxe6 {[%clk 01:10:01]} {[%emt 00:00:48]} 12. hxg4
{[%clk 00:47:08]} {[%emt 00:01:13]} Nxg4 {[%clk 01:09:33]} {[%emt 00:00:59]}
13. Bh4 {[%clk 00:46:56]} {[%emt 00:00:41]} Nf6 {[%clk 01:08:05]} {[%emt
00:01:59]} 14. Nh2 {[%clk 00:38:10]} {[%emt 00:09:14]} Qe7 {[%clk 01:05:57]}
{[%emt 00:02:40]} 15. Ng4 {[%clk 00:38:27]} {[%emt 00:00:13]} Rf8 {[%clk
00:56:34]} {[%emt 00:09:53]} 16. Qf3 {[%clk 00:37:00]} {[%emt 00:01:55]} Nxg4
{[%clk 00:50:53]} {[%emt 00:06:12]} 17. Bxe7 {[%clk 00:36:51]} {[%emt
00:00:39]} Rxf3 {[%clk 00:51:07]} {[%emt 00:00:17]} 18. gxf3 {[%clk 00:36:54]}
{[%emt 00:00:26]} Nxf2 {[%clk 00:50:29]} {[%emt 00:01:10]} 19. Bh4 {[%clk
00:36:11]} {[%emt 00:01:11]} Nxd3+ {[%clk 00:49:44]} {[%emt 00:01:16]} 20. Bf2
{[%clk 00:36:25]} {[%emt 00:00:16]} Nxf2 {[%clk 00:49:47]} {[%emt 00:00:28]}
21. Kg2 {[%clk 00:33:40]} {[%emt 00:03:13]} Kf7 {[%clk 00:48:59]} {[%emt
00:01:19]} 22. Ne2 {[%clk 00:33:43]} {[%emt 00:00:25]} Rg8+ {[%clk 00:48:40]}
{[%emt 00:00:51]} 23. Ng3 {[%clk 00:33:20]} {[%emt 00:00:52]} h5 {[%clk
00:48:30]} {[%emt 00:00:42]} 24. c3 {[%clk 00:33:08]} {[%emt 00:00:40]} h4
{[%clk 00:48:43]} {[%emt 00:00:18]} 25. Kh2 {[%clk 00:33:25]} {[%emt 00:00:12]}
Rxg3 {[%clk 00:48:30]} {[%emt 00:00:43]} 26. Rg1 {[%clk 00:33:46]} {[%emt
00:00:09]} Rxg1 {[%clk 00:46:21]} {[%emt 00:02:40]} 27. Rxg1 {[%clk 00:34:04]}
{[%emt 00:00:11]} Nxe4 {[%clk 00:44:54]} {[%emt 00:01:58]} 28. Re1 {[%clk
00:34:12]} {[%emt 00:00:19]} Ng5 {[%clk 00:44:29]} {[%emt 00:00:58]} 29. Rf1
{[%clk 00:34:21]} {[%emt 00:00:21]} Ne7 {[%clk 00:44:12]} {[%emt 00:00:41]} 30.
f4 {[%clk 00:34:31]} {[%emt 00:00:26]} exf4 {[%clk 00:43:44]} {[%emt 00:00:58]}
31. Rxf4+ {[%clk 00:34:47]} {[%emt 00:00:14]} Kg6 {[%clk 00:43:56]} {[%emt
00:00:14]} 32. Rxh4 {[%clk 00:35:06]} {[%emt 00:00:15]} Nf3+ {[%clk 00:44:15]}
{[%emt 00:00:11]} 33. Kh3 {[%clk 00:35:24]} {[%emt 00:00:12]} Nxh4 {[%clk
00:44:35]} {[%emt 00:00:10]} 34. Kxh4 {[%clk 00:35:46]} {[%emt 00:00:08]} Kf5
{[%clk 00:45:00]} {[%emt 00:00:05]} 35. b4 {[%clk 00:36:03]} {[%emt 00:00:13]}
Be3 {[%clk 00:45:07]} {[%emt 00:00:24]} 36. a4 {[%clk 00:36:22]} {[%emt
00:00:10]} Bd2 {[%clk 00:45:31]} {[%emt 00:00:06]} 37. a5 {[%clk 00:36:37]}
{[%emt 00:00:16]} Bxc3 {[%clk 00:45:55]} {[%emt 00:00:06]} 38. a6 {[%clk
00:36:55]} {[%emt 00:00:11]} bxa6 {[%clk 00:46:12]} {[%emt 00:00:14]} 39. b5
{[%clk 00:36:27]} {[%emt 00:00:58]} axb5 {[%clk 00:46:36]} {[%emt 00:00:05]}
40. Kg3 {[%clk 00:36:48]} {[%emt 00:00:09]} b4 {[%clk 00:46:58]} {[%emt
00:00:09]} 41. Kf2 {[%clk 00:37:02]} {[%emt 00:00:15]} b3 {[%clk 00:47:17]}
{[%emt 00:00:11]} 42. Ke2 {[%clk 00:37:17]} {[%emt 00:00:14]} b2 {[%clk
00:47:43]} {[%emt 00:00:06]} 43. Kd3 {[%clk 00:37:31]} {[%emt 00:00:15]} b1=Q+
{[%clk 00:48:08]} {[%emt 00:00:06]} 44. Kxc3 {[%clk 00:37:50]} {[%emt
00:00:10]} Qe4 {[%clk 00:48:28]} {[%emt 00:00:11]} 45. Kd2 {[%clk 00:38:08]}
{[%emt 00:00:10]} Kf4 {[%clk 00:48:46]} {[%emt 00:00:14]} 46. Kc3 {[%clk
00:38:23]} {[%emt 00:00:13]} Nd5+ {[%clk 00:49:03]} {[%emt 00:00:15]} 47. Kb3
{[%clk 00:38:30]} {[%emt 00:00:22]} Qb4+ {[%clk 00:49:26]} {[%emt 00:00:07]}
48. Kc2 {[%clk 00:38:46]} {[%emt 00:00:14]} Qc3+ {[%clk 00:49:51]} {[%emt
00:00:06]} 49. Kd1 {[%clk 00:39:06]} {[%emt 00:00:08]} Qb2 {[%clk 00:49:53]}
{[%emt 00:00:29]} 50. Ke1 {[%clk 00:39:25]} {[%emt 00:00:11]} Ke3 {[%clk
00:50:18]} {[%emt 00:00:06]} 51. Kd1 {[%clk 00:39:45]} {[%emt 00:00:09]} Qd2#
{[%clk 00:50:12]} {[%emt 00:00:06]} 0-1

[Event "DEM U10w 2024"]
[Site "Willingen GER"]
[Date "2024.05.24"]
[Round "9"]
[White "Naz Öksüz, Meryem"]
[Black "Fahim, Lina"]
[Result "1-0"]
[Termination "normal"]
[Board "20"]
[WhiteElo "1154"]
[BlackElo "744"]
[WhiteClock "01:13:32"]
[BlackClock "01:11:19"]
[PlyCount "37"]
[WhiteFideId "533025860"]
[BlackFideId "533004820"]
[EventCountry "GER"]
[EventRounds "11"]
[EventType "swiss"]
[EventDate "2024.05.18"]

1. e4 {[%clk 01:15:58]} {[%emt 00:00:01]} e5 {[%clk 01:15:52]} {[%emt
00:00:08]} 2. Nf3 {[%clk 01:16:15]} {[%emt 00:00:13]} Nc6 {[%clk 01:16:13]}
{[%emt 00:00:09]} 3. Bc4 {[%clk 01:16:20]} {[%emt 00:00:25]} Bc5 {[%clk
01:16:33]} {[%emt 00:00:10]} 4. O-O {[%clk 01:16:35]} {[%emt 00:00:15]} d6
{[%clk 01:16:30]} {[%emt 00:00:31]} 5. c3 {[%clk 01:16:34]} {[%emt 00:00:33]}
Nf6 {[%clk 01:16:43]} {[%emt 00:00:17]} 6. d4 {[%clk 01:16:46]} {[%emt
00:00:18]} exd4 {[%clk 01:16:53]} {[%emt 00:00:20]} 7. cxd4 {[%clk 01:16:51]}
{[%emt 00:00:20]} Bb6 {[%clk 01:16:44]} {[%emt 00:00:44]} 8. Bg5 {[%clk
01:16:46]} {[%emt 00:00:34]} O-O {[%clk 01:17:04]} {[%emt 00:00:11]} 9. Nc3
{[%clk 01:16:34]} {[%emt 00:00:43]} Bg4 {[%clk 01:17:24]} {[%emt 00:00:09]} 10.
h3 {[%clk 01:16:26]} {[%emt 00:00:38]} Bh5 {[%clk 01:17:36]} {[%emt 00:00:15]}
11. Be2 {[%clk 01:16:19]} {[%emt 00:00:38]} h6 {[%clk 01:17:39]} {[%emt
00:00:29]} 12. Bh4 {[%clk 01:16:14]} {[%emt 00:00:35]} Ba5 {[%clk 01:16:45]}
{[%emt 00:01:24]} 13. Nd5 {[%clk 01:14:29]} {[%emt 00:02:15]} Qc8 {[%clk
01:15:03]} {[%emt 00:02:12]} 14. Bxf6 {[%clk 01:14:18]} {[%emt 00:00:41]} gxf6
{[%clk 01:13:16]} {[%emt 00:02:16]} 15. Nxf6+ {[%clk 01:13:29]} {[%emt
00:01:19]} Kh8 {[%clk 01:12:54]} {[%emt 00:00:50]} 16. Nxh5 {[%clk 01:13:51]}
{[%emt 00:00:11]} Ne7 {[%clk 01:12:04]} {[%emt 00:01:21]} 17. Qc1 {[%clk
01:13:39]} {[%emt 00:00:34]} Ng6 {[%emt 00:00:23]} 18. Qxh6+ {[%emt 00:00:19]}
Kg8 {[%clk 01:11:19]} {[%emt 00:00:39]} 19. Qg7# {[%clk 01:13:32]} {[%emt
00:00:07]} 1-0

[Event "DEM U10w 2024"]
[Site "Willingen GER"]
[Date "2024.05.24"]
[Round "9"]
[White "He, Siqi"]
[Black "Wittmann, Finja-Marie"]
[Result "1-0"]
[Termination "normal"]
[Board "21"]
[WhiteElo "907"]
[BlackElo "763"]
[WhiteClock "01:12:01"]
[BlackClock "01:23:45"]
[PlyCount "149"]
[WhiteFideId "34682708"]
[BlackFideId "34673903"]
[EventCountry "GER"]
[EventRounds "11"]
[EventType "swiss"]
[EventDate "2024.05.18"]

1. e4 {[%clk 01:15:59]} e5 {[%clk 01:15:55]} {[%emt 00:00:07]} 2. Nf3 {[%clk
01:16:25]} {[%emt 00:00:03]} Nc6 {[%clk 01:16:19]} {[%emt 00:00:06]} 3. Bc4
{[%clk 01:16:49]} {[%emt 00:00:06]} Bc5 {[%clk 01:16:42]} {[%emt 00:00:07]} 4.
d3 {[%clk 01:17:12]} {[%emt 00:00:07]} d6 {[%clk 01:16:48]} {[%emt 00:00:24]}
5. O-O {[%clk 01:17:20]} {[%emt 00:00:21]} Nf6 {[%clk 01:17:02]} {[%emt
00:00:16]} 6. c3 {[%clk 01:17:37]} {[%emt 00:00:13]} Ng4 {[%clk 01:17:11]}
{[%emt 00:00:21]} 7. Qd2 {[%clk 01:17:01]} {[%emt 00:01:06]} O-O {[%clk
01:17:04]} {[%emt 00:00:38]} 8. h3 {[%clk 01:14:01]} {[%emt 00:03:29]} Nf6
{[%clk 01:16:27]} {[%emt 00:01:07]} 9. Qc2 {[%clk 01:14:05]} {[%emt 00:00:25]}
Bg4 {[%clk 01:12:48]} {[%emt 00:04:11]} 10. hxg4 {[%clk 01:11:46]} {[%emt
00:02:48]} Nxg4 {[%clk 01:13:13]} {[%emt 00:00:05]} 11. Qd2 {[%clk 01:11:28]}
{[%emt 00:00:48]} Qe7 {[%clk 01:11:58]} {[%emt 00:01:45]} 12. d4 {[%clk
01:11:06]} {[%emt 00:00:50]} exd4 {[%clk 01:12:10]} {[%emt 00:00:21]} 13. cxd4
{[%clk 01:11:30]} {[%emt 00:00:05]} Bb4 {[%clk 01:12:23]} {[%emt 00:00:18]} 14.
Nc3 {[%clk 01:11:20]} {[%emt 00:00:40]} Qf6 {[%clk 01:10:52]} {[%emt 00:01:58]}
15. Qg5 {[%clk 01:09:42]} {[%emt 00:02:09]} Qg6 {[%clk 01:09:13]} {[%emt
00:02:10]} 16. Qxg6 {[%emt 00:00:13]} hxg6 {[%clk 01:09:35]} {[%emt 00:00:05]}
17. a3 {[%clk 01:10:16]} {[%emt 00:00:17]} Ba5 {[%clk 01:09:43]} {[%emt
00:00:22]} 18. b4 {[%clk 01:09:32]} {[%emt 00:01:14]} Bb6 {[%clk 01:10:06]}
{[%emt 00:00:07]} 19. b5 {[%emt 00:00:36]} Nxd4 {[%clk 01:10:05]} {[%emt
00:00:30]} 20. Nxd4 {[%clk 01:09:41]} {[%emt 00:00:16]} Bxd4 {[%clk 01:10:25]}
{[%emt 00:00:09]} 21. Bb2 {[%clk 01:09:37]} {[%emt 00:00:34]} Rae8 {[%clk
01:10:41]} {[%emt 00:00:13]} 22. Rae1 {[%clk 01:09:19]} {[%emt 00:01:41]} Re5
{[%clk 01:12:58]} {[%emt 00:00:12]} 23. Nd1 {[%clk 01:08:28]} {[%emt 00:01:17]}
Bc5 {[%clk 01:13:13]} {[%emt 00:00:17]} 24. Bxe5 {[%clk 01:08:48]} {[%emt
00:00:12]} dxe5 {[%clk 01:13:34]} {[%emt 00:00:09]} 25. Ne3 {[%clk 01:08:54]}
{[%emt 00:00:23]} Nf6 {[%clk 01:13:48]} {[%emt 00:00:17]} 26. Nd5 {[%clk
01:08:41]} {[%emt 00:00:44]} Ng4 {[%clk 01:13:59]} {[%emt 00:00:18]} 27. Nxc7
{[%clk 01:08:48]} {[%emt 00:00:23]} Bxa3 {[%clk 01:13:45]} {[%emt 00:00:44]}
28. Be2 {[%clk 01:08:34]} {[%emt 00:00:43]} Bb4 {[%clk 01:14:00]} {[%emt
00:00:16]} 29. Bxg4 {[%clk 01:08:37]} {[%emt 00:00:27]} Bxe1 {[%clk 01:14:23]}
{[%emt 00:00:07]} 30. Rxe1 {[%clk 01:09:00]} {[%emt 00:00:07]} Rc8 {[%clk
01:14:45]} {[%emt 00:00:08]} 31. Nd5 {[%clk 01:09:14]} {[%emt 00:00:16]} Rd8
{[%clk 01:15:07]} {[%emt 00:00:09]} 32. Nc7 {[%emt 00:00:42]} Rd4 {[%clk
01:14:16]} {[%emt 00:00:56]} 33. f3 {[%clk 01:09:26]} {[%emt 00:00:30]} Rc4
{[%clk 01:14:21]} {[%emt 00:00:26]} 34. Nd5 {[%clk 01:09:14]} {[%emt 00:00:41]}
Rc5 {[%clk 01:14:46]} {[%emt 00:00:06]} 35. Rb1 {[%clk 01:09:08]} {[%emt
00:00:36]} a6 {[%clk 01:14:59]} {[%emt 00:00:17]} 36. bxa6 {[%clk 01:09:24]}
{[%emt 00:00:14]} bxa6 {[%clk 01:15:25]} {[%emt 00:00:04]} 37. Ra1 {[%clk
01:09:21]} {[%emt 00:00:33]} a5 {[%clk 01:15:39]} {[%emt 00:00:15]} 38. f4
{[%clk 01:09:35]} {[%emt 00:00:16]} exf4 {[%clk 01:15:53]} {[%emt 00:00:16]}
39. Nxf4 {[%clk 01:09:56]} {[%emt 00:00:10]} g5 {[%clk 01:16:11]} {[%emt
00:00:11]} 40. Nd3 {[%clk 01:10:17]} {[%emt 00:00:10]} Rc3 {[%clk 01:16:25]}
{[%emt 00:00:16]} 41. Be2 {[%clk 01:09:57]} {[%emt 00:00:50]} Rc4 {[%clk
01:16:20]} {[%emt 00:00:34]} 42. Rxa5 {[%clk 01:09:28]} {[%emt 00:01:00]} Rxe4
{[%clk 01:16:37]} {[%emt 00:00:12]} 43. Bf3 {[%clk 01:09:49]} {[%emt 00:00:09]}
Rd4 {[%clk 01:16:49]} {[%emt 00:00:18]} 44. Nf2 {[%clk 01:09:49]} {[%emt
00:00:29]} g4 {[%clk 01:16:58]} {[%emt 00:00:22]} 45. Bxg4 {[%clk 01:09:42]}
{[%emt 00:00:37]} Rc4 {[%clk 01:17:16]} {[%emt 00:00:12]} 46. Ra8+ {[%clk
01:09:50]} {[%emt 00:00:21]} Kh7 {[%clk 01:17:38]} {[%emt 00:00:09]} 47. Ra7
{[%clk 01:09:50]} {[%emt 00:00:31]} Rc1+ {[%clk 01:17:55]} {[%emt 00:00:13]}
48. Kh2 {[%clk 01:09:54]} {[%emt 00:00:25]} Rc5 {[%clk 01:18:08]} {[%emt
00:00:15]} 49. Rxf7 {[%clk 01:10:03]} {[%emt 00:00:23]} Rg5 {[%clk 01:18:09]}
{[%emt 00:00:25]} 50. Rf5 {[%clk 01:10:11]} {[%emt 00:00:25]} Rg6 {[%clk
01:18:30]} {[%emt 00:00:10]} 51. Rh5+ {[%clk 01:09:58]} {[%emt 00:00:42]} Kg8
{[%clk 01:18:50]} {[%emt 00:00:11]} 52. Kh3 {[%clk 01:10:03]} {[%emt 00:00:24]}
Rf6 {[%clk 01:18:48]} {[%emt 00:00:33]} 53. Ne4 {[%clk 01:09:33]} {[%emt
00:00:56]} Rh6 {[%clk 01:18:46]} {[%emt 00:00:36]} 54. Rxh6 {[%clk 01:09:49]}
{[%emt 00:00:14]} gxh6 {[%clk 01:19:09]} {[%emt 00:00:08]} 55. Be6+ {[%clk
01:10:15]} {[%emt 00:00:04]} Kg7 {[%clk 01:19:24]} {[%emt 00:00:15]} 56. g4
{[%clk 01:10:05]} {[%emt 00:00:39]} Kh7 {[%clk 01:19:04]} {[%emt 00:00:50]} 57.
Bf5+ {[%clk 01:10:05]} {[%emt 00:00:30]} Kg7 {[%clk 01:19:25]} {[%emt
00:00:10]} 58. Kh4 {[%clk 01:10:03]} {[%emt 00:00:31]} Kf7 {[%clk 01:19:11]}
{[%emt 00:00:44]} 59. Kh5 {[%clk 01:10:13]} {[%emt 00:00:19]} Kg7 {[%clk
01:19:34]} {[%emt 00:00:09]} 60. Ng3 {[%clk 01:10:16]} {[%emt 00:00:25]} Kf6
{[%clk 01:19:11]} {[%emt 00:00:54]} 61. Kxh6 {[%clk 01:10:31]} {[%emt
00:02:12]} Ke5 {[%clk 01:19:26]} {[%emt 00:00:16]} 62. g5 {[%clk 01:10:53]}
{[%emt 00:00:08]} Kf4 {[%clk 01:19:44]} {[%emt 00:00:12]} 63. g6 {[%clk
01:11:15]} {[%emt 00:00:07]} Kxg3 {[%clk 01:20:06]} {[%emt 00:00:08]} 64. g7
{[%clk 01:11:39]} {[%emt 00:00:07]} Kf4 {[%clk 01:20:32]} {[%emt 00:00:04]} 65.
g8=Q {[%emt 00:00:15]} Kxf5 {[%emt 00:00:09]} 66. Qg5+ {[%clk 01:11:29]} {[%emt
00:00:15]} Ke4 {[%clk 01:20:55]} {[%emt 00:00:08]} 67. Kg6 {[%clk 01:11:47]}
{[%emt 00:00:12]} Kd3 {[%clk 01:21:15]} {[%emt 00:00:10]} 68. Qh4 {[%clk
01:12:09]} {[%emt 00:00:07]} Kc3 {[%clk 01:21:38]} {[%emt 00:00:08]} 69. Kf5
{[%clk 01:12:19]} {[%emt 00:00:20]} Kd3 {[%clk 01:22:00]} {[%emt 00:00:08]} 70.
Ke5 {[%clk 01:12:38]} {[%emt 00:00:11]} Ke3 {[%clk 01:22:24]} {[%emt 00:00:06]}
71. Qe4+ {[%clk 01:12:55]} {[%emt 00:00:13]} Kf2 {[%clk 01:22:44]} {[%emt
00:00:09]} 72. Kf4 {[%clk 01:12:57]} {[%emt 00:00:23]} Kf1 {[%clk 01:23:03]}
{[%emt 00:00:17]} 73. Qc2 {[%clk 01:11:14]} {[%emt 00:02:12]} Ke1 {[%clk
01:23:23]} {[%emt 00:00:10]} 74. Ke3 {[%clk 01:11:33]} {[%emt 00:00:11]} Kf1
{[%clk 01:23:45]} {[%emt 00:00:09]} 75. Qf2# {[%clk 01:12:01]} {[%emt
00:00:02]} 1-0